20 Popular Countries for Immigrants Quiz Stats

Quiz Updated Apr 10, 2015

Challenge
Share
Tweet
Embed
Score 0/20 Timer 03:00
0 Plays Today
Number of Immigrants Country % Correct
45,785,090United States
99.3%
7,439,086France
95.9%
7,824,131United Kingdom
95.9%
9,845,244Germany
95.2%
7,284,069Canada
94.4%
2,804,753China
92.6%
6,466,605Spain
90.2%
11,048,064Russia
90.2%
6,468,640Australia
87%
5,721,457Italy
83.5%
Number of Immigrants Country % Correct
5,338,486India
82.5%
4,080,766Pakistan
48.9%
2,649,516Iran
48.9%
9,060,433Saudi Arabia
47.6%
3,721,735Thailand
39.5%
5,151,378Ukraine
39.2%
7,826,981United Arab Emirates
36.8%
2,469,173Malaysia
29.5%
2,925,780Jordan
18.3%
3,476,233Kazakhstan
14%

You're not logged in!

Compare scores with friends on all Sporcle quizzes.
Sign Up with Email
OR
Log In

You Might Also Like...

Show Comments

Extras

Top Quizzes Today


Score Distribution

Your Account Isn't Verified!

In order to create a playlist on Sporcle, you need to verify the email address you used during registration. Go to your Sporcle Settings to finish the process.

Report this User

Report this user for behavior that violates our Community Guidelines.

Details: